000 00305nam a2200145Ia 4500
100 _aComarom/J.P/ Warren/M.j
650 _aGeneral
942 _cRB
654 _aDDC
245 _aDDC Additions
260 _bForest press
_aNew York
_c1985
082 _a25.463
_bCOM
546 _aENGLISH
999 _c17970
_d17970